000 nam a22 7a 4500
999 _c7760
_d7760
008 171006b xxu||||| |||| 00| 0 eng d
100 _94238
_aSrivastava.etal
245 _aChemistry-XII
260 _aNew Delhi
_bJPH
_c2009